| 000 | 01121nam a2200289 i 4500 | ||
|---|---|---|---|
| 001 | 171918 | ||
| 003 | ES-MaACL | ||
| 005 | 20250808062817.0 | ||
| 007 | t| | ||
| 008 | 090608s1983 sp |||| | spa d | ||
| 020 | _a84-220-1113-1 | ||
| 100 | 0 |
_aAgustín _cSanto, Obispo de Hipona. _9125563 |
|
| 245 | 1 | 0 |
_aObras completas de San Agustín. _nXIII, _pSermones (3º) / _ctraducción de Amador del Fueyo y Pío de Luis ; notas de Pío de Luis ; [revisión a cargo de Miguel Fuertes Lanero]. |
| 250 | _aEd. bilingüe. | ||
| 260 |
_aMadrid : _bLa Editorial Católica, _c1983. |
||
| 300 |
_aXV, 834 p. ; _c20 cm. |
||
| 490 | 1 |
_aBiblioteca de autores cristianos ; _v443 |
|
| 505 | 8 | _aContiene: Sermones (3º) 117-183 : Evangelio de San Juan, Hechos de los Apóstoles y Cartas | |
| 546 | _aTexto latino y traducción en español. | ||
| 650 | 0 | 7 |
_aSermones _2embne _9136819 |
| 700 | 1 |
_aLuis, Pío de. _974684 |
|
| 700 | 1 |
_aFueyo, Amador del. _9139702 |
|
| 700 | 1 |
_aFuertes Lanero, Miguel. _9140541 |
|
| 830 | 0 | 0 |
_aBiblioteca de autores cristianos _v443 _9178679 |
| 852 |
_aES-MaACL _jJ-432 |
||
| 999 |
_c171918 _d171918 |
||